000 00672nam a2200217 4500
003 OSt
005 20240626081005.0
006 a
008 240626b |||||||| |||| 00| 0 eng d
020 _a9789715132992
040 _aDWCL-HMN lib.
_cOC
082 _2First edition
_aFil. 579 K92m 2011
100 _aKreislur, Jzohn Enzo
245 _aMicrobiology for nursing students : a text-workbook /
250 _aFirst edition
260 _aManila :
_bEducational Pub. House,
_cc2011.
300 _axxi,
_b340 p. : ill. ;
_c24 cm.
504 _aIncludes bibliographical references & index
650 _a1. Microbiology.
942 _2ddc
_n0
_cBK - FIL
_eFirst edition
_kFil.
999 _c1421
_d1421